000 00441nam a2200181Ia 4500
008 210210b1952 xxu||||| |||| 00| 0 eng d
041 _aeng
082 _a825/901
100 _aWERBLOWSKY (R J Z)
245 _aLucifer and prometheus
260 _aLondon
_bRoutledge and Kegan Paul Ltd.
_c1952
650 _aprometheus
650 _aproetheus
650 _aLucifer
650 _aand
690 _aEnglish Criticism
906 _a015216
999 _c134533
_d134533